000 01393nam a2200361 a 4500
001 ebr10554719
003 CaPaEBR
006 m u
007 cr cn|||||||||
008 120418s2012 gw ad sbm 001 0 eng d
010 _z 2011277460
020 _z1614510946
020 _z9781614510949
020 _z9781614510864 (e-book)
040 _aCaPaEBR
_cCaPaEBR
035 _a(OCoLC)794491481
050 1 4 _aP118
_b.D68 2012eb
100 1 _aDouglas, Susan.
245 1 0 _aUnderstanding actions, states, and events
_h[electronic resource] :
_bverb learning in children with autism /
_cby Susan Douglas.
260 _aBerlin :
_bDe Gruyter Mouton,
_c2012.
300 _axi, 224 p. :
_bill.
490 1 _aStudies on language acquisition,
_x1861-4248 ;
_v45
500 _aDissertation.
504 _aIncludes bibliographical references and index.
533 _aElectronic reproduction.
_bPalo Alto, Calif. :
_cebrary,
_d2013.
_nAvailable via World Wide Web.
_nAccess may be limited to ebrary affiliated libraries.
650 0 _aLanguage acquisition.
650 0 _aLanguage disorders.
650 0 _aAutism in children.
655 7 _aElectronic books.
_2local
710 2 _aebrary, Inc.
830 0 _aStudies on language acquisition ;
_v45.
856 4 0 _uhttp://site.ebrary.com/lib/rucke/Doc?id=10554719
_zAn electronic book accessible through the World Wide Web; click to view
999 _c91419
_d91419